Trenerzy Bayernu w XXI w. - Statystyki

Ogólne statystyki
  • Ten quiz został rozwiązany 110 razy
  • Średni wynik to 8 z 14
Statystyki odpowiedzi
kadencja trener % Poprawnych
2013-2016 Pep Guardiola
96%
2016-2017 Carlo Ancelotti
87%
2019 Hans Dieter Flick
87%
2009 Jupp Heynckes
87%
2011-2013 Jupp Heynckes
87%
2017-2018 Jupp Heynckes
87%
2018-2019 Niko Kovac
83%
2009-2011 Luis Van Gaal
39%
1998-2004 Ottmar Hitzfeld
34%
2007-2008 Ottmar Hitzfeld
34%
2008-2009 Jurgen Klinsmann
32%
2017 Willy Sagnol
22%
2004-2007 Felix Magath
19%
2011 Andries Jonker
7%
Nie znaleziono quizów pasujących do podanych kryteriów
Rozkład punktacji
Procent ludzi z każdym wynikiem
Percentyl według liczby udzielonych odpowiedzi
Twoja historia wyników
Nie rozwiązałeś tego quizu